K politike zamestnanosti
Tlačové oddelenie Ministerstva práce, sociálnych vecí a rodiny odpovedá na otázky súvisiace s niektorými závažnými zmenami v oblasti zamestnanosti, ktoré schválila Národná rada SR v zákone č.319/1993 Z.z.
Salvato in:
| Natura: | Capitolo di libro |
|---|---|
| Lingua: | slovacco |
| Soggetti: | |
| Tags: |
Nessun Tag, puoi essere il primo ad aggiungerne!!
|
MARC
| LEADER | 00000naa a2200000 4500 | ||
|---|---|---|---|
| 001 | r015553 | ||
| 005 | 20221213113206.8 | ||
| 041 | 0 | |a slo | |
| 044 | |a SK | ||
| 245 | 1 | 0 | |a K politike zamestnanosti |
| 520 | |a Tlačové oddelenie Ministerstva práce, sociálnych vecí a rodiny odpovedá na otázky súvisiace s niektorými závažnými zmenami v oblasti zamestnanosti, ktoré schválila Národná rada SR v zákone č.319/1993 Z.z. | ||
| 610 | 2 | 0 | |a politika zamestnanosti |
| 610 | 2 | 0 | |a zákony |
| 610 | 2 | 0 | |a NR SR Bratislava |
| 610 | 2 | 0 | |a 1993 |
| 610 | 2 | 0 | |a zamestnanosť |
| 610 | 2 | 0 | |a politika sociálna |